000 00677 a2200193 4500
999 _c6896
_d6896
020 _a9780324827316
050 _aHD58.7 MOO 2010
100 _aMoorhead, Gregory
_eauthor
245 _aOrganizational Behavior :
_bmanaging people and organizations /
_cGregory Moorhead and Ricky W. Griffin
250 _a9th edition
264 _aBelmont :
_bCengage Learning ,
_c2010
300 _axxiv, 568p.
_bill. (col.)
500 _aIncludes bibliographical references and index
650 _aOrganizational Behavior
650 _aIndustrial management
650 _aPersonnel management
700 _aGriffin, R. W.
_eauthor
942 _2lcc
_cBK
_e9th edition
_h58.7
_iMOO
_kHD